|
|
|
|
| LEADER |
00000nam a2200000 a 4500 |
| 001 |
UCW5822 |
| 003 |
CL-VaPUC |
| 008 |
910812e19810000AG |||||||||||||||||spa|d |
| 082 |
0 |
4 |
|a 028.9
|b GAR
|2 21
|
| 100 |
0 |
|
|a Garelli, Juan Carlos
|e author
|9 310852
|
| 245 |
1 |
0 |
|a Método de la lectura veloz
|
| 300 |
|
|
|a 284 p
|
| 942 |
|
|
|c BK
|
| 945 |
|
|
|d 19910812 00:00:00
|
| 260 |
|
|
|a Buenos Aires
|b Troquel
|c 1981
|
| 650 |
|
0 |
|a Lectura veloz
|9 310853
|
| 650 |
|
7 |
|a LIBROS DE TEXTOS
|2 CL-VaPUC
|9 310854
|
| 583 |
|
|
|a last modification
|c 19910812 00:00:00
|k Rodrigo Vera
|
| 999 |
|
|
|c 219142
|d 219140
|
| 952 |
|
|
|0 0
|1 0
|4 0
|6 028_900000000000000_GAR_1981
|7 0
|8 A
|9 209697
|a BIBEDU
|b BIBEDU
|d 2019-11-15
|i 2775867
|o 028.9 GAR 1981
|p 2775867
|r 2019-11-15
|w 2019-11-15
|y BK
|k EDU
|